000 00432nam a2200157 a 4500
005 20140412111326.0
008 110128s19uu xx 00 eng d
020 _a0-917846-53-2
050 _aM 021.7
_bT43 1997
100 _aTedeschi, Anne
245 _aBook Displays :
_bA Library exhibits handbook /
_cAnne Tedeschi.
260 _aU.S.A :
_bHighsmith,
_c1997.
300 _a77p.
650 _aLibrary exhibits
999 _c104664
_d104664